[Event "Winter Paracin-GM 2019"]
[Site "Paracin"]
[Date "2019.02.02"]
[Round "3"]
[White "Fenil, Shah"]
[Black "Raja Rithvik R"]
[Result "1/2-1/2"]
[WhiteElo "2400"]
[BlackElo "2431"]
[Annotator "TA"]
[PlyCount "90"]
[EventDate "2019.01.31"]
[EventType "tourn"]
[EventCountry "SRB"]
[SourceTitle "playchess.com"]
[Source "ChessBase"]
[SourceQuality "1"]

{[%evp 18,90,0,-13,0,-17,-15,-4,-6,-24,-21,-40,-29,-49,-31,-41,-40,-33,-28,-27,-30,-30,-27,-38,-41,-52,-41,-47,-31,-47,-55,-51,-2,-12,-13,-18,0,0,0,0,0,0,0,0,0,0,0,-9,0,0,0,0,0,0,0,-16,0,0,0,0,0,0,0,0,0,0,0,0,0,0,0,0,0,0,0]} 1. Nf3 d5 2. g3 Bg4 ({Predecessor:} 2... c6 3. Bg2 {0-1 (39) Bachmann,A (2629)-Molina,R (2408) Florianopolis 2015}) 3. Bg2 c6 4. h3 $146 (4. d3 e6 5. O-O Nd7 6. Qe1 Bd6 7. e4 Ne7 8. Nbd2 O-O 9. h3 {½-½ (61) Svidler,P (2739)-Jakovenko,D (2759) Chita 2015}) ({Predecessor:} 4. O-O Nd7 5. d3 e6 6. Qe1 Bd6 7. e4 Ne7 8. Nbd2 O-O 9. h3 {0-1 (39) Bachmann,A (2629)-Molina,R (2408) Florianopolis 2015}) 4... Bh5 5. O-O e6 6. d3 Bd6 7. e4 Ne7 8. Nbd2 O-O 9. Qe1 Nd7 10. Nh4 Ng6 {A07: Réti Opening: New York and Capablanca Systems} 11. Nxg6 Bxg6 12. f4 (12. Nf3 dxe4 13. dxe4 f6 14. Qe2 Qc7 15. Rd1 Rad8 16. Nd4 Rfe8 17. a4 Bf8 18. Nb3 {½-½ (61) Svidler,P (2739)-Jakovenko,D (2759) Chita 2015}) 12... f6 13. Kh1 {Threatening exd5.} Qc7 14. Qe2 ({Predecessor:} 14. Nf3 Rae8 15. b3 h6 16. Qe2 Bh7 17. Bb2 c5 18. c4 dxe4 19. dxe4 {0-1 (39) Bachmann,A (2629)-Molina,R (2408) Florianopolis 2015}) 14... Rae8 15. Nb3 Kh8 16. Bd2 c5 17. Be3 d4 18. Bf2 e5 19. f5 Bf7 20. Nd2 b5 21. a4 a6 22. b3 Rc8 23. axb5 axb5 24. Rfc1 c4 25. dxc4 {The position is equal.} bxc4 26. Nxc4 Bxc4 27. Qxc4 Qxc4 28. bxc4 Rxc4 29. Bf1 Rc7 30. Be1 Nc5 31. Bd3 Rfc8 32. Bd2 h6 33. Kg1 Rb7 34. Kf1 Rb2 35. Ke1 Rcb8 36. g4 Kh7 37. Ke2 Nxd3 (37... Bc7 {is more complex.} 38. Ra7 Nxd3 39. Kxd3 Bd6 40. Raa1 Rc8) 38. Kxd3 Bb4 39. Rcb1 Bxd2 40. Rxb2 Rxb2 41. Kxd2 $11 {KR-KR} Rb5 42. h4 Rc5 43. Ra3 Rb5 44. Ra1 Rc5 45. Ra3 Rb5 {Accuracy: White = 81%, Black = 60%.} 1/2-1/2

[Event "Winter Paracin-GM 2019"]
[Site "Paracin"]
[Date "2019.02.02"]
[Round "3"]
[White "Oglaza, Oskar"]
[Black "Savic, Miodrag R"]
[Result "1/2-1/2"]
[WhiteElo "2320"]
[BlackElo "2486"]
[Annotator "TA"]
[PlyCount "115"]
[EventDate "2019.01.31"]
[EventType "tourn"]
[EventCountry "SRB"]
[SourceTitle "playchess.com"]
[Source "ChessBase"]
[SourceQuality "1"]

{[%evp 13,115,40,62,56,58,59,53,60,58,49,44,41,36,36,39,34,31,27,33,12,18,11,18,18,15,18,10,16,22,0,10,10,19,20,24,23,25,-21,0,-11,-20,-6,-16,-87,-92,-123,0,-2,-1,-20,-10,-19,0,0,0,0,10,-55,0,-15,-13,-25,-41,-39,0,-83,-72,-72,0,0,0,0,0,0,0,-25,0,-70,0,0,0,0,0,0,0,0,0,-11,-11,-36,-8,-8,-8,-8,-8,-8,0,0,0,0,0,0,0,0]} 1. e4 d5 2. exd5 Qxd5 3. Nc3 Qa5 4. d4 c6 5. Nf3 Nf6 6. Bc4 Bg4 7. h3 Qh5 8. Be2 {B01: Scandinavian Defence} e6 9. O-O Bxf3 $1 10. Bxf3 {White is slightly better.} Qa5 11. Bd2 Qc7 12. Ne2 Be7 13. c4 O-O 14. Qc2 $146 ({Predecessor:} 14. Bc3 Nbd7 {0-1 (61) Cvetanovic,U (2287)-Savic,M (2507) Ruma 2017}) 14... Nbd7 15. Bc3 a5 16. Rad1 Bb4 17. Rfe1 Rfd8 18. Nc1 Bxc3 19. Qxc3 a4 20. Nd3 Qa5 21. c5 h6 22. Qc1 Qc7 23. Qe3 Ra5 24. h4 Rb5 25. g4 Nf8 $1 26. g5 hxg5 27. hxg5 Nd5 28. Bxd5 (28. Qc1 $11) 28... Rxd5 $17 29. Ne5 f6 (29... Rxb2 $17 {With the idea ...f6.} 30. Qa3 Rb5) 30. gxf6 $11 gxf6 31. Nc4 Qh7 {White should prevent ...Rb4.} 32. Kf1 Rg5 33. Rd3 Qh5 34. Qf3 Qg6 35. Ke2 (35. Re4 $11) 35... Rf5 ({Better is} 35... e5 $1 $15 36. Qh3 exd4 37. Rxd4 Rgxc5) 36. Qe3 {[#]} e5 $1 {[%mdl 512]} 37. Kd2 {[%cal Rd4e5]} (37. dxe5 Qg4+) 37... exd4 38. Rxd4 {Strongly threatening f4.} Rfxc5 {( -> ...Rxb2+!)} (38... Re5 $5 39. Qd3 Rxe1 40. Kxe1 Qxd3 41. Rxd3 Ne6 $17) 39. b3 (39. Kc1 $11) 39... axb3 40. axb3 Ra5 (40... Rd5 $17 41. Kc3 Rxd4 42. Qxd4 Rd5) 41. Rd3 Ra2+ 42. Kc3 Rd5 43. Rxd5 cxd5 44. Nb6 Qc2+ {[%mdl 64] [#] Double Attack} 45. Kd4 (45. Kb4 $1 $11) 45... Qd2+ ({Black should play} 45... Ra5 $1 $15 46. Rc1 Qb2+ 47. Rc3 Kf7) 46. Qxd2 Rxd2+ {[%mdl 4096] Endgame KRN-KRN} 47. Ke3 Rb2 48. Nxd5 Rxb3+ 49. Kf4 Ng6+ 50. Kf5 Kf7 51. Rc1 {Rc7+ is the strong threat.} Rf3+ 52. Ke4 {The position is equal.} Rxf2 53. Rc7+ Ke6 54. Rxb7 f5+ 55. Ke3 {aiming for Nc7+.} Rf1 56. Rb6+ Kf7 57. Ke2 Ra1 58. Rf6+ {Accuracy: White = 59%, Black = 57%.} 1/2-1/2

[Event "Winter Paracin-GM 2019"]
[Site "Paracin"]
[Date "2019.02.02"]
[Round "4"]
[White "Savic, Miodrag R"]
[Black "Lazic, Miroljub"]
[Result "1/2-1/2"]
[WhiteElo "2486"]
[BlackElo "2458"]
[Annotator "TA"]
[PlyCount "28"]
[EventDate "2019.01.31"]
[EventType "tourn"]
[EventCountry "SRB"]
[SourceTitle "playchess.com"]
[Source "ChessBase"]
[SourceQuality "1"]

{[%evp 17,28,28,31,10,18,13,41,10,24,2,3,0,0]} 1. e4 e5 2. Nf3 Nc6 3. Bb5 a6 4. Ba4 Nf6 5. O-O Be7 6. Re1 b5 7. Bb3 d6 ({Predecessor:} 7... O-O 8. c3 {½-½ (13) Smagin,S (2550)-Eingorn,V (2560) Copenhagen 1988}) 8. c3 O-O 9. h3 ({Predecessor:} 9. d3 h6 10. Nbd2 Re8 11. Nf1 Bf8 {½-½ (13) Smagin,S (2550)-Eingorn,V (2560) Copenhagen 1988}) 9... Re8 10. d3 $146 {C92: Closed Ruy Lopez: 9...Be6, Karpov and Flohr-Zaitsev Variations} (10. Ng5 Rf8 {½-½ (13) Khismatullin,D (2621)-Jakovenko,D (2735) St Petersburg 2018}) 10... h6 11. Nbd2 Bf8 12. Nf1 Be6 13. Bxe6 Rxe6 14. Ng3 d5 1/2-1/2

[Event "Winter Paracin-GM 2019"]
[Site "Paracin"]
[Date "2019.02.02"]
[Round "4"]
[White "Mahalakshmi, M."]
[Black "Mendonca, Leon Luke"]
[Result "1/2-1/2"]
[WhiteElo "2185"]
[BlackElo "2350"]
[Annotator "TA"]
[PlyCount "110"]
[EventDate "2019.01.31"]
[EventType "tourn"]
[EventCountry "SRB"]
[SourceTitle "playchess.com"]
[Source "ChessBase"]
[SourceQuality "1"]

{[%evp 24,110,-17,-10,0,-40,-41,-52,-50,-41,-44,-38,-39,-33,-30,-80,-80,-88,-52,-51,-50,-45,-42,-42,-42,-42,-42,-42,-27,-42,0,-42,0,-33,0,-42,-42,-42,-42,-42,-25,-57,-52,-37,0,0,0,0,0,0,0,0,0,0,0,0,8,10,12,0,0,0,0,0,0,0,0,0,0,0,0,0,0,0,0,0,0,0,0,0,0,0,0,0,0,0,0,0,0]} 1. Nf3 Nf6 2. g3 $146 ({Predecessor:} 2. b3 g6 3. Bb2 Bg7 {½-½ (80) Bu,X (2681)-Wei,Y (2706) China 2015}) 2... g6 3. b3 Bg7 4. Bb2 d6 5. d4 c5 ({Predecessor:} 5... O-O 6. Bg2 c5 7. O-O cxd4 8. Nxd4 {½-½ (80) Bu,X (2681)-Wei,Y (2706) China 2015}) 6. Bg2 cxd4 7. Nxd4 d5 8. O-O O-O 9. c4 dxc4 10. bxc4 Qb6 11. Qb3 Nfd7 12. Rd1 Nc6 13. e3 Nc5 {A49: 1 d4 Nf6 2 Nf3 g6 3 g3: Anti-King's Indian systems} 14. Qxb6 (14. Qa3 {seems wilder.} Rd8 15. Nc3 Nxd4 16. exd4 Bxd4 17. Rxd4 Rxd4 18. Nd5) 14... axb6 15. Nc3 Nxd4 {Black is slightly better.} 16. exd4 Na4 17. Nxa4 Rxa4 18. Re1 ({Predecessor:} 18. Bf1 Be6 19. Rd2 Bxc4 20. Bxc4 Rxc4 21. d5 {½-½ (80) Bu,X (2681)-Wei,Y (2706) China 2015}) 18... Bf6 19. Rab1 Rxa2 20. Ba1 Rd8 21. d5 Bxa1 22. Rxa1 Rxa1 23. Rxa1 $15 {[%mdl 4096] Endgame KRB-KRB} Bf5 24. Ra7 Rd7 25. f4 Kg7 26. Ra4 Rd6 27. Ra7 Rd7 28. Ra4 $1 Rd6 29. Ra7 Bd3 30. Bf1 Bxf1 31. Kxf1 {KR-KR} Rd7 32. Ke2 Kf6 33. Ke3 Rc7 34. Kd4 {The position is equal.} Kf5 35. h3 h5 36. Ra2 Rd7 37. Rb2 h4 38. gxh4 Kxf4 39. Rxb6 Kg3 40. Rb3+ Kxh4 41. Ke5 Rc7 42. Rf3 f5 ({Don't play} 42... Rxc4 $6 43. Rxf7 Rc7 44. Ke6 $16) 43. Ke6 $1 Rxc4 {[#] Threatens to win with ...Re4+.} 44. Kxe7 Rd4 45. d6 {Hoping for d7.} f4 46. d7 {Strongly threatening Rxf4+!} g5 47. d8=Q Rxd8 48. Kxd8 g4 49. hxg4 Kxg4 $11 {KR-KPP} 50. Rb3 (50. Rf1 {is interesting.} f3 51. Ke8 Kg3 52. Rg1+ Kh2 53. Rd1) 50... f3 51. Rxb7 f2 52. Rf7 Kg3 53. Ke7 Kg2 54. Ke6 f1=Q 55. Rxf1 Kxf1 {Accuracy: White = 74%, Black = 70%.} 1/2-1/2

[Event "Winter Paracin-GM 2019"]
[Site "Paracin"]
[Date "2019.02.03"]
[Round "5"]
[White "Lazic, Miroljub"]
[Black "Lajthajm, Borko"]
[Result "1/2-1/2"]
[WhiteElo "2458"]
[BlackElo "2431"]
[Annotator "ChessBase"]
[PlyCount "22"]
[EventDate "2019.01.31"]
[EventType "tourn"]
[EventCountry "SRB"]
[SourceTitle "playchess.com"]
[Source "ChessBase"]
[SourceQuality "1"]
[TimeControl "40/5400+30:900+30"]

1. d4 Nf6 2. Nf3 e6 3. e3 b6 4. Nbd2 Bb7 5. Bd3 d5 6. O-O Nbd7 7. Qe2 c5 8. c3 cxd4 9. exd4 Be7 10. Re1 Qc7 11. a4 a6 1/2-1/2

[Event "Winter Paracin-GM 2019"]
[Site "Paracin"]
[Date "2019.02.03"]
[Round "5"]
[White "Mendonca, Leon Luke"]
[Black "Savic, Miodrag R"]
[Result "1/2-1/2"]
[WhiteElo "2350"]
[BlackElo "2486"]
[Annotator "TA"]
[PlyCount "164"]
[EventDate "2019.01.31"]
[EventType "tourn"]
[EventCountry "SRB"]
[SourceTitle "playchess.com"]
[Source "ChessBase"]
[SourceQuality "1"]

{[%evp 13,164,-5,0,2,-5,4,4,0,12,0,0,0,16,9,14,-25,0,0,0,0,11,0,5,10,5,0,0,0,0,-19,-6,-41,-32,-39,-36,-35,-36,-36,-17,-31,-24,-25,-26,-30,-22,-20,-17,-30,-30,-27,-27,-29,-23,-27,-29,-26,-4,-21,-14,-14,-14,-12,0,-5,0,-15,-15,-19,0,-26,0,0,0,0,16,0,0,0,0,0,0,0,0,0,0,-51,-44,-44,-44,-46,-44,-44,-40,-51,-14,-45,-17,-46,-49,-75,-51,-64,-20,-20,-21,-45,-15,-15,-16,-18,-12,-39,0,0,0,0,0,0,0,0,0,0,0,0,0,-14,-28,-625,-641,-539,0,0,0,0,0,0,0,0,0,0,0,0,0,0,0,0,0,0,0,0,0,0,0]} 1. d4 Nf6 2. c4 e6 3. Nc3 Bb4 4. e3 O-O 5. Bd3 d5 6. cxd5 exd5 7. Nge2 b6 $146 ({Predecessor:} 7... Re8 8. Bd2 a5 9. Rc1 b6 {1-0 (55) Sokolov,I (2654)-Naiditsch,A (2686) Poikovsky 2010}) 8. O-O {E48: Nimzo-Indian: Rubinstein: 5 Bd3 d5 including 6 Ne2, but excluding 6 a3} Re8 9. Bd2 a5 10. Rc1 Ba6 11. Bb1 Nbd7 ({Predecessor:} 11... Bd6 12. Re1 c5 13. Ng3 cxd4 14. exd4 Rxe1+ 15. Qxe1 Nc6 16. Nxd5 Nxd5 17. Rxc6 {1-0 (55) Sokolov,I (2654)-Naiditsch,A (2686) Poikovsky 2010}) 12. Re1 Nf8 13. Nf4 Ng6 14. Qf3 Bb7 15. a3 Ne4 16. Qd1 {And now Nxe4 would win.} Nxc3 17. Bxc3 Bd6 18. Qh5 Nf8 {[%cal Bg6f8,Bf8d7,Bd7f6,Bf6e4][%mdl 32]} 19. Ba2 c6 20. Bb1 g6 21. Qg4 Nd7 22. Rcd1 Nf6 23. Qh4 Ne4 24. Qxd8 Raxd8 25. Ne2 Ba6 26. Bd3 Bc8 27. f3 Nxc3 28. Nxc3 b5 29. Kf2 Bd7 (29... Bxh2 30. g3 $16) 30. Rc1 Rb8 (30... Bxh2 31. g3 $16) 31. Re2 b4 ({Inferior is} 31... Bxh2 32. g3 $16) 32. axb4 Rxb4 33. Ra1 Ra8 ({Stronger than} 33... Bxh2 34. g3 $16) 34. Na4 Rab8 ({But not} 34... Bxh2 $2 35. g3 $18) 35. g3 Kf8 36. Ra2 Ke7 37. Nc3 Bc7 38. Na4 Bd6 39. Nc3 h5 40. h4 Ra8 41. Na4 Kd8 42. Rc2 Rb3 43. Be2 Kc7 44. Nc5 Bf5 45. Rc1 Bxc5 46. Rxc5 a4 {Strongly threatening ...Bb1.} 47. Bd1 Rb4 $36 {[%mdl 2048] Black has the initiative.} 48. Rc1 Bd3 49. Be2 (49. Rca1 $11) 49... Bxe2 50. Kxe2 $15 {[%mdl 4096] Endgame KRR-KRR} Rab8 51. Rc2 Kd6 52. Kd2 f6 53. Ke2 Re8 {White should prevent ...Rxd4.} 54. Kf2 Re7 55. Rc3 Reb7 56. Rc2 R7b5 57. Ke2 c5 58. dxc5+ Rxc5 59. Kd2 g5 60. hxg5 fxg5 61. Ra1 Rcb5 62. Rh1 h4 63. gxh4 Rxh4 64. Rg1 d4 65. exd4 Rxd4+ 66. Kc1 Ke6 67. Rc3 Kf5 68. Rg2 Rdb4 69. Kb1 Rb3 70. Ka2 $2 {[%mdl 8192] [#]} (70. Rc8 $11) 70... Rxc3 $1 $19 71. bxc3 {[#] KR-KR} Rb3 $2 (71... Rc5 $1 $19 {[%cal Rc5c3]} 72. Kb2 Kf4 73. Rg4+ Kxf3 74. Rxa4 g4) 72. Rc2 $11 {The position is equal.} Kf4 73. c4 {[%cal Bc3c4,Bc4c5,Bc5c6,Bc6c7][%mdl 32]} Kxf3 74. c5 g4 75. c6 {c7 would kill now.} Rb8 76. Ka3 g3 {White must now prevent ...g2.} 77. Kxa4 g2 {[#]} (77... Rg8 {feels hotter.} 78. Kb5 Rc8 79. Kb6 g2 80. Rc1 Kf2) 78. Rxg2 $1 {[%mdl 512]} Kxg2 79. Ka5 Kf3 80. c7 Rh8 81. Ka6 Ke4 82. Kb7 Ke5 {Accuracy: White = 51%, Black = 56%.} 1/2-1/2

[Event "Winter Paracin-GM 2019"]
[Site "Paracin"]
[Date "2019.02.03"]
[Round "5"]
[White "Oglaza, Oskar"]
[Black "Raja Rithvik R"]
[Result "1-0"]
[WhiteElo "2320"]
[BlackElo "2431"]
[Annotator "NA RC"]
[PlyCount "117"]
[EventDate "2019.01.31"]
[EventType "tourn"]
[EventCountry "SRB"]
[SourceTitle "playchess.com"]
[Source "ChessBase"]
[SourceQuality "1"]
[TimeControl "40/5400+30:900+30"]

1. e4 {[%emt 0:00:00]} e5 {[%emt 0:00:00]} 2. Nf3 {[%emt 0:00:00]} Nc6 {[%emt 0:00:00]} 3. d4 {[%emt 0:00:00]} exd4 {[%emt 0:00:00]} 4. Nxd4 {[%emt 0:00:00]} Bc5 {[%emt 0:00:00]} 5. Nb3 {[%emt 0:00:06]} Bb6 {[%emt 0:00:00]} 6. Nc3 {[%emt 0:00:08]} Nf6 {[%emt 0:00:16]} 7. Qe2 {[%emt 0:00:21] C45: Scotch Game} O-O {[%emt 0:00:39]} 8. Be3 {[%emt 0:00:27]} (8. Bg5 Nd4 9. Qd2 Nxb3 10. axb3 h6 11. Be3 Bxe3 12. Qxe3 d5 13. O-O-O c6 14. exd5 cxd5 {1-0 (40) Amin,B (2686)-Safarli,E (2676) Hoogeveen 2018}) 8... d5 {[%emt 0:00:06] LiveBook: 17 Games} 9. O-O-O $1 {[%emt 0:00:52]} d4 {[%emt 0:00:05]} 10. Bg5 {[%emt 0:00:41]} Bg4 $146 {[%emt 0:00:05]} ({Predecessor:} 10... h6 11. Bh4 Bg4 12. f3 Be6 {½-½ (60) Kudr,R (2272)-Cvak,R (2237) ICCF email 2014}) 11. f3 {[%emt 0:01:44]} Be6 {[%emt 0:00:07]} 12. Kb1 {[%emt 0:14:21]} h6 {[%emt 0:00:06]} 13. Bh4 {[%emt 0:15:02]} Re8 {[%emt 0:00:21]} 14. Qe1 {[%emt 0:01:23]} Qe7 {[%emt 0:08:36]} ({Predecessor:} 14... a6) 15. Ne2 {[%emt 0:11:59]} Bxb3 {[%emt 0:12:36]} 16. axb3 {[%emt 0:00:56]} a5 {[%emt 0:00:06]} 17. Ng3 {[%emt 0:02:48]} a4 {[%emt 0:00:18]} 18. Nf5 {[%emt 0:15:34]} Qe5 {[%emt 0:00:18]} 19. Bc4 {[%emt 0:04:27]} axb3 {[%emt 0:02:40]} 20. cxb3 {[%emt 0:00:16]} Ra5 {[%emt 0:09:45]} 21. b4 {[%emt 0:04:22]} Ra4 {[%emt 0:13:08]} 22. Bg3 {[%emt 0:00:28]} Qxf5 {[%emt 0:00:05]} 23. exf5 $18 {[%emt 0:00:10]} Rxe1 {[%emt 0:00:02]} 24. Bxe1 {[%emt 0:01:10]} Ne7 {[%emt 0:02:07]} 25. Bb3 {[%emt 0:02:09]} Ra8 {[%emt 0:00:02]} 26. g4 {[%emt 0:00:10]} Ned5 {[%emt 0:00:52]} 27. Bf2 {[%emt 0:01:52]} Ne3 {[%emt 0:00:20]} 28. Rd2 {[%emt 0:03:32]} Re8 {[%emt 0:00:41]} 29. Re1 {[%emt 0:04:59]} Kf8 {[%emt 0:00:03]} 30. Kc1 {[%emt 0:01:29]} c5 {[%emt 0:05:49]} 31. bxc5 {[%emt 0:06:05]} Ba5 {[%emt 0:00:07]} 32. Ree2 {[%emt 0:01:44]} Bxd2+ {[%emt 0:00:21]} 33. Rxd2 {[%emt 0:00:06]} Re5 {[%emt 0:01:07]} 34. Rxd4 {[%emt 0:00:46]} Rxc5+ {[%emt 0:00:14]} 35. Kb1 {[%emt 0:02:25]} Re5 {[%emt 0:00:33]} 36. Rb4 {[%emt 0:01:44]} Nf1 {[%emt 0:02:40]} 37. Rxb7 {[%emt 0:01:40]} Nd2+ {[%emt 0:00:15]} 38. Kc2 {[%emt 0:00:04]} Nxf3 {[%emt 0:00:19]} 39. Rxf7+ {[%emt 0:01:51]} Ke8 {[%emt 0:00:01]} 40. Ba7 {[%emt 0:00:00]} Re2+ {[%emt 0:00:00]} 41. Kc3 {[%emt 0:04:18]} Ne4+ {[%emt 0:18:03]} 42. Kd3 {[%emt 0:01:29]} Rxb2 {[%emt 0:03:58]} 43. Rb7 {[%emt 0:00:46]} Kf8 {[%emt 0:02:52]} 44. Kxe4 {[%emt 0:00:57]} Nd2+ {[%emt 0:02:23]} 45. Kd3 {[%emt 0:04:06]} Nxb3 {[%emt 0:00:58]} 46. Kc3 {[%emt 0:00:50]} Rxh2 {[%emt 0:00:05]} 47. Kxb3 {[%emt 0:03:35]} Rh3+ {[%emt 0:03:02]} 48. Kc2 {[%emt 0:01:43]} Rg3 {[%emt 0:05:48]} 49. Rb4 {[%emt 0:00:07]} Kf7 {[%emt 0:01:46]} 50. Kd2 {[%emt 0:01:34]} h5 {[%emt 0:00:27]} 51. Rb7+ {[%emt 0:00:18]} Kf8 {[%emt 0:01:23]} 52. gxh5 {[%emt 0:00:14]} Rg5 {[%emt 0:00:19]} 53. h6 {[%emt 0:00:16]} gxh6 {[%emt 0:00:23]} 54. f6 {[%emt 0:00:07]} Rf5 {[%emt 0:00:17]} 55. Bd4 {[%emt 0:00:05]} h5 {[%emt 0:00:11]} 56. Rh7 {[%emt 0:00:10]} Kg8 {[%emt 0:00:09]} 57. Rg7+ {[%emt 0:00:14]} Kf8 {[%emt 0:00:05]} 58. Ke3 {[%emt 0:00:12]} Ra5 {[%emt 0:00:22]} 59. Ke4 {[%emt 0:00:11]} 1-0

[Event "Winter Paracin-GM 2019"]
[Site "Paracin"]
[Date "2019.02.03"]
[Round "6"]
[White "Lajthajm, Borko"]
[Black "Mendonca, Leon Luke"]
[Result "1/2-1/2"]
[WhiteElo "2431"]
[BlackElo "2350"]
[Annotator "TA"]
[PlyCount "40"]
[EventDate "2019.01.31"]
[EventType "tourn"]
[EventCountry "SRB"]
[SourceTitle "playchess.com"]
[Source "ChessBase"]
[SourceQuality "1"]

{[%evp 9,40,-24,23,18,6,8,8,-20,-18,-49,0,0,0,-11,-10,-17,-2,-10,-16,-33,-29,-28,-23,-20,-20,-27,-18,-18,-5,-16,-21,-14,-17]} 1. e4 c5 2. Nf3 d6 3. c3 ({Predecessor:} 3. Bb5+ Bd7 4. Qe2 Bxb5 5. Qxb5+ Qd7 6. Qxd7+ Nxd7 7. O-O Ngf6 8. Re1 e6 {0-1 (56) Toropov,M (2149)-Gulkov,I (2355) Serpukhov 2003}) 3... Nf6 4. Bb5+ Bd7 5. Qe2 $146 (5. Bxd7+ Qxd7 6. d3 g6 7. O-O Bg7 8. Bg5 O-O 9. Nbd2 Nc6 10. a4 Rac8 11. Nc4 d5 12. exd5 Nxd5 13. Qb3 e5 14. Rad1 {½-½ (28) Galego,L (2471)-Salgado Lopez,I (2643) Ourense 2018}) (5. Bxd7+ Qxd7 6. d3 e6 7. Bg5 Be7 8. O-O O-O 9. a4 Nc6 10. Nbd2 Qc7 11. Nc4 d5 12. Bxf6 Bxf6 13. exd5 exd5 14. Ne3 {1-0 (63) Lajthajm,B (2407)-Mendonca,L (2274) Novi Sad 2018}) 5... e6 6. O-O {B50: Sicilian: 2...d6, Miscellaneous} Bxb5 7. Qxb5+ {[%mdl 64] [#] Double Attack} Qd7 8. Qxd7+ (8. Qe2 {looks sharper.} Nc6 9. d4 cxd4 10. cxd4 d5 11. e5) 8... Nbxd7 9. Re1 Be7 10. d3 ({Predecessor:} 10. d4 cxd4 11. cxd4 d5 12. e5 Ne4 13. Nbd2 Nxd2 14. Bxd2 {0-1 (56) Toropov,M (2149)-Gulkov,I (2355) Serpukhov 2003}) 10... O-O 11. Bg5 b5 12. a4 a6 13. Nbd2 h6 14. Bxf6 Bxf6 15. Kf1 Rfc8 16. axb5 axb5 17. Ke2 Kf8 18. d4 {The position is equal.} b4 19. Kd3 bxc3 20. bxc3 cxd4 {Accuracy: White = 34%, Black = 31%.} 1/2-1/2

[Event "Winter Paracin-GM 2019"]
[Site "Paracin"]
[Date "2019.02.03"]
[Round "6"]
[White "Raja Rithvik R"]
[Black "Lazic, Miroljub"]
[Result "1/2-1/2"]
[WhiteElo "2431"]
[BlackElo "2458"]
[Annotator "TA"]
[PlyCount "51"]
[EventDate "2019.01.31"]
[EventType "tourn"]
[EventCountry "SRB"]
[SourceTitle "playchess.com"]
[Source "ChessBase"]
[SourceQuality "1"]

{[%evp 12,51,24,21,18,28,47,29,33,37,47,16,25,16,16,16,20,22,28,24,20,10,13,19,16,17,20,7,8,0,33,8,10,0,14,0,0,0,0,0,0,0]} 1. Nf3 $146 (1. d4 d5 2. c4 e6 3. Nf3 {½-½ (63) Riazantsev,A (2649)-Timofeev,A (2589) St Petersburg 2018}) ({Predecessor:} 1. d4 d5 2. c4 c6 {½-½ (73) Taimanov,M (2425)-Zhu,C (2515) Copenhagen 1997}) 1... d5 2. d4 c6 3. c4 e6 ({Predecessor:} 3... Nf6 4. e3 {½-½ (73) Taimanov,M (2425)-Zhu,C (2515) Copenhagen 1997}) 4. e3 (4. b3 Nf6 {½-½ (63) Riazantsev,A (2649)-Timofeev,A (2589) St Petersburg 2018}) 4... Nf6 5. b3 ({Predecessor:} 5. Nbd2 Nbd7 6. b3 Bd6 7. Bb2 O-O {½-½ (73) Taimanov,M (2425)-Zhu,C (2515) Copenhagen 1997}) 5... Nbd7 (5... Bd6 6. Bb2 O-O 7. Bd3 {½-½ (63) Riazantsev,A (2649)-Timofeev,A (2589) St Petersburg 2018}) 6. Bb2 Bd6 7. Bd3 O-O {A06: Réti Opening:1 Nf3 d5} 8. Nbd2 (8. O-O b6 9. Nbd2 Bb7 10. Ne5 c5 11. cxd5 exd5 12. f4 Re8 13. Qf3 cxd4 14. exd4 {½-½ (63) Riazantsev,A (2649)-Timofeev,A (2589) St Petersburg 2018}) 8... dxc4 9. Nxc4 Bb4+ {White has an edge.} 10. Ncd2 c5 11. a3 (11. O-O {looks sharper.} b6 12. Nc4 cxd4 13. Nxd4 Bb7 14. Qe2) 11... Bxd2+ ({Predecessor:} 11... Ba5 12. O-O Bc7 13. Rc1 cxd4 14. Bxd4 Bb6 15. Bb2 Qe7 {½-½ (73) Taimanov,M (2425)-Zhu,C (2515) Copenhagen 1997}) 12. Qxd2 cxd4 13. Bxd4 b6 14. O-O Bb7 15. Be2 Qe7 16. Qb2 Rfe8 17. Ne5 Nxe5 18. Bxe5 Nd7 19. Bg3 Nc5 20. Rac1 Rac8 21. Rfd1 Ne4 {The position is equal.} 22. Bf3 Nxg3 23. Bxb7 Rxc1 24. Rxc1 {[#] And now Bc6 would win.} Qxb7 25. hxg3 Qd5 26. b4 {Accuracy: White = 50%, Black = 71%.} 1/2-1/2